000 00997cam a22002533a 4500
001 849
003 PGUSA
005 20140828082953.0
008 970301s1997||||xxu|||||s|||||000 e eng d
040 _aPGUSA
_beng
042 _adc
050 4 _aPR
100 1 _aJerome, Jerome K.
_q(Jerome Klapka),
_d1859-1927
245 1 4 _aThe Idle Thoughts of an Idle Fellow
_h[electronic resource] /
_cJerome K. Jerome
260 _bProject Gutenberg,
_c1997
505 0 _aPreface -- On being idle -- On being in love -- On being in the blues -- On being hard up -- On vanity and vanities -- On getting on in the world -- On the weather -- On cats and dogs -- On being shy -- On babies -- On eating and drinking -- On furnished apartments -- On dress and deportment -- On memory.
506 _aPublic domain in the USA.
516 _aElectronic text
653 _aEssays
653 _aWit and humor
830 0 _aProject Gutenberg
_v849
856 4 0 _uhttp://www.gutenberg.org/ebooks/849
942 _cEB
999 _c230200
_d230200